| 000 | 01191nam2a22002531 4500 | ||
|---|---|---|---|
| 001 | rc\148259 | ||
| 005 | 20250612182656.0 | ||
| 010 | _a5-300-00805-2 | ||
| 035 | _a(NLR Aleph) 008780436 | ||
| 090 |
_a7978956 _c7978956 |
||
| 100 | _a20030307d1997 |||y0rusy50 ca | ||
| 101 | 0 | _arus | |
| 102 | _aRU | ||
| 105 | _ay ||||||||| | ||
| 200 | 1 |
_aТри цвета времени _eРоман _e[О Стендале] _eВ 4 ч. _eЧ. 3, 4 |
|
| 210 |
_d1997 _aБ. м. |
||
| 215 | _a309, [2] с. | ||
| 461 | 0 |
_1001rc\148257 _12001#$aСобрание сочинений$eВ 5 т.$fАнатолий Виноградов$g[Вступ. ст. И. Панкеева$gПредисл. М. Горького]$vТ. 2 _1700#1$aВиноградов$bА. К.$cписатель$f1888-1946$gАнатолий Корнелиевич$3RU\NLR\AUTH\770133196$4070 _97941574 _aВиноградов, А. К. (писатель ; 1888-1946) _cМ. _d1997- _fАнатолий Виноградов _nИзд. центр "Терра" _oВ 5 т. _tСобрание сочинений _y5300007048 _vТ. 2 |
|
| 801 | 0 |
_aRU _bNLR _gpsbo |
|
| 801 | 1 |
_aRU _bELAR _2rusmarc |
|
| 852 |
_aNLR _j96-3/12070 |
||
| 942 | _cBOOK | ||
| 980 | _aNB | ||